| 000 | 01008nmc a2200325 a 4500 | ||
|---|---|---|---|
| 003 | AR-BaBNM | ||
| 005 | 20251128205008.0 | ||
| 008 | 011101s1994 ||||||||||||||000 | spa|| | ||
| 020 | _a950-534-266-7 | ||
| 040 | _cAR-BaBNM | ||
| 100 | 1 | _aAgudo de Córsico, María Celia | |
| 245 | 1 | 0 |
_aInteracción lingüística _bentre maestros y alumnos y su influencia sobre el rendimiento escolar |
| 260 |
_aBuenos Aires _bA-Z editora _c1994 |
||
| 300 |
_a191 p. _bil., tablas |
||
| 490 | 0 | _aCiencias del lenguaje | |
| 504 | _aBibliografía: p. 188-191 | ||
| 650 | 4 | _aSOCIOLINGUISTICA | |
| 650 | 4 | _aRELACION ALUMNO-DOCENTE | |
| 650 | 4 | _aRENDIMIENTO DEL ALUMNO | |
| 650 | 4 | _aLINGUISTICA | |
| 650 | 4 | _aALUMNOS | |
| 650 | 4 | _aDIFERENCIACION SOCIAL | |
| 650 | 4 | _aDIFERENCIACION SOCIAL | |
| 650 | 4 | _aDIFERENCIACION CULTURAL | |
| 653 | _aPROCESO DE ENSENANZA-APRENDIZAJE | ||
| 700 | 1 | _aManacorda de Rosetti, Mabel V. | |
| 800 | 1 |
_aManacorda de Rosetti, Mabel _edirector |
|
| 942 | _cBK | ||
| 998 | _csilvi | ||
| 999 |
_c9623 _d9623 |
||